<?xml version="1.0" encoding="UTF-8"?>
<record
    xmlns:xsi="http://www.w3.org/2001/XMLSchema-instance"
    xsi:schemaLocation="http://www.loc.gov/MARC21/slim http://www.loc.gov/standards/marcxml/schema/MARC21slim.xsd"
    xmlns="http://www.loc.gov/MARC21/slim">

  <leader>00700nam a2200193Ia 4500</leader>
  <controlfield tag="008">090124s9999    xx            000 0 und d</controlfield>
  <datafield tag="082" ind1=" " ind2=" ">
    <subfield code="b">128052</subfield>
  </datafield>
  <datafield tag="100" ind1=" " ind2=" ">
    <subfield code="a">"&#x915;&#x949;&#x932;&#x93F;&#x928;&#x94D;&#x938; &#x932;&#x949;&#x930;&#x940;,&#x932;&#x93F;&#x92A;&#x93F;&#x932; &#x921;&#x94B;&#x92E;&#x93F;&#x928;&#x93F;&#x915;"</subfield>
  </datafield>
  <datafield tag="245" ind1=" " ind2=" ">
    <subfield code="a"> &#x938;&#x93F;&#x91F;&#x940; &#x911;&#x92B; &#x91C;&#x949;&#x92F;</subfield>
  </datafield>
  <datafield tag="250" ind1=" " ind2=" ">
    <subfield code="a">1</subfield>
  </datafield>
  <datafield tag="260" ind1=" " ind2=" ">
    <subfield code="c">1997</subfield>
  </datafield>
  <datafield tag="300" ind1=" " ind2=" ">
    <subfield code="a">512</subfield>
  </datafield>
  <datafield tag="600" ind1=" " ind2=" ">
    <subfield code="a">"&#x915;&#x949;&#x932;&#x93F;&#x928;&#x94D;&#x938; &#x932;&#x949;&#x930;&#x940;,&#x932;&#x93F;&#x92A;&#x93F;&#x932; &#x921;&#x94B;&#x92E;&#x93F;&#x928;&#x93F;&#x915;"</subfield>
  </datafield>
  <datafield tag="630" ind1=" " ind2=" ">
    <subfield code="a"> &#x938;&#x93F;&#x91F;&#x940; &#x911;&#x92B; &#x91C;&#x949;&#x92F;</subfield>
  </datafield>
  <datafield tag="700" ind1=" " ind2=" ">
    <subfield code="a">"&#x915;&#x949;&#x932;&#x93F;&#x928;&#x94D;&#x938; &#x932;&#x949;&#x930;&#x940;,&#x932;&#x93F;&#x92A;&#x93F;&#x932; &#x921;&#x94B;&#x92E;&#x93F;&#x928;&#x93F;&#x915;"</subfield>
  </datafield>
  <datafield tag="700" ind1=" " ind2=" ">
    <subfield code="a">&#x915;&#x941;&#x932;&#x915;&#x930;&#x94D;&#x923;&#x940; &#x905;&#x928;&#x93F;&#x932; &#x930;&#x918;&#x941;&#x928;&#x93E;&#x925;</subfield>
  </datafield>
  <datafield tag="730" ind1=" " ind2=" ">
    <subfield code="a"> &#x938;&#x93F;&#x91F;&#x940; &#x911;&#x92B; &#x91C;&#x949;&#x92F;</subfield>
  </datafield>
  <datafield tag="942" ind1=" " ind2=" ">
    <subfield code="c">BOOK</subfield>
  </datafield>
  <datafield tag="999" ind1=" " ind2=" ">
    <subfield code="c">174141</subfield>
    <subfield code="d">174141</subfield>
  </datafield>
  <datafield tag="952" ind1=" " ind2=" ">
    <subfield code="0">0</subfield>
    <subfield code="1">0</subfield>
    <subfield code="4">0</subfield>
    <subfield code="7">0</subfield>
    <subfield code="a">THNMGS</subfield>
    <subfield code="b">THNMGS</subfield>
    <subfield code="d">0000-00-00</subfield>
    <subfield code="g">300.00</subfield>
    <subfield code="l">0</subfield>
    <subfield code="o">128052</subfield>
    <subfield code="p">THNMGS-128052</subfield>
    <subfield code="r">2009-01-24 00:00:00</subfield>
    <subfield code="v">300.00</subfield>
    <subfield code="w">2009-01-24</subfield>
    <subfield code="y">BOOK</subfield>
  </datafield>
</record>
